Estadísticas para Nombra un país válido #6

Haz click aquí para intentar la prueba.

Estadísticas generales

  • Esta prueba ha sido intentada 3.170 veces
  • La puntuación promedio es 14 de 20

Estadísticas de respuestas

Nombra un país…Respuesta% Correcto
con territorio en el HimalayaAfganistán | Bután | China | India | Nepal | Pakistán
96%
con una población entre 100 y 200 millonesBangladés | Egipto | Etiopía | Japón | México | Filipinas | Rusia
95%
más pequeño que Liechtenstein pero
mas grande que el Vaticano
Nauru | Tuvalu | Mónaco | San Marino
91%
que tiene armas nucleares, pero cuya propiedad
de ellos no es aceptado por el derecho internacional
India | Israel | Corea del Norte | Pakistán
83%
que reclama parte de la AntártidaArgentina | Australia | Chile | Francia | Nueva Zelanda | Noruega | Reino Unido
82%
que ha invadido los Estados UnidosJapón | México | Reino Unido
82%
que comienza con OOmán
80%
con una mayoría budistaBután | Camboya | Laos | Myanmar | Mongolia | Sri Lanka | Tailandia
79%
en el Caribe cuyo nombre comienza con cualquier forma de "Santo"San Cristóbal y Nieves | Santa Lucía | San Vicente y las Granadinas
75%
que toca el mar CaspioAzerbaiyán | Irán | Kazajistán | Rusia | Turkmenistán
71%
en la isla de La EspañolaHaití | República Dominicana
68%
en el desierto de GobiMongolia | China
67%
que toca los Océanos Pacífico y ÍndicoAustralia | Timor Oriental | Indonesia | Malasia | Tailandia
66%
que limita con BurundiRepública Democrática del Congo | Ruanda | Tanzania
64%
cuya capital comienza con HFinlandia | Islas Salomón | Vietnam | Zimbabue
59%
en el desierto de KalahariBotsuana | Sudáfrica | Namibia
51%
que es el lugar de una ciudad antigua llamada TebasEgipto | Grecia
51%
cuya bandera es solamente rojo y verdeBangladés | Marruecos
42%
que limita con un territorio británico de ultramarChipre | España
40%
que produce mas plata que ChinaMéxico | Perú
39%

Distribución de puntuación

Porcentaje por número respondido

Porcentaje de gente con cada puntuación

Historial de tus puntuaciones

No has intentado esta prueba.